000 01180nam a2200373 i 4500
001 32894
003 KOSZ 005
005 20220317101412.0
008 981023s1997 pl |001 0 pol d
015 _aPB 1998/14252
020 _a8387261270
040 _aWA N
_cWA N
_dKOSZ 005/HR
045 _bd1997
046 _k1997
080 _a349.2(438)
245 0 0 _aKodeks pracy.
_bUstawy uzupełniające /
_c[oprac. red. Marzena Jurczewska, Renata Krasowska-Kłos].
250 _aStan prawny na dzień 10 października 1997 r.
260 _aWarszawa :
_b"Infor",
_ccop. 1997.
300 _a392 s. ;
_c21 cm.
380 _aKsiążki
388 _a1901-2000
388 _a1989-2000
490 1 _a[Seria Jubileuszowa]
504 _aIndeks.
650 4 _aPrawo pracy
651 7 _aPolska
658 _aPrawo i wymiar sprawiedliwości
700 1 _aJurczewska, Marzena
_eRedakcja
700 1 _aKrasowska-Kłos, Renata
_eRedakcja
740 0 2 _aUstawy uzupełniające
830 0 _aSeria Jubileuszowa
856 _uhttp://koha.tu.koszalin.pl/cgi-bin/koha/opac-detail.pl?biblionumber=32894
_yKatalog online BPK
942 _2UKD
_cKA
999 _c32894
_d32894